书目信息 |
| 题名: |
中国文化西传欧洲史
|
|
| 作者: | 安田朴 | |
| 分册: | ||
| 出版信息: | 北京 商务印书馆 |
|
| 页数: | ||
| 开本: | ||
| 丛书名: | ||
| 单 册: | ||
| 中图分类: | G24 | |
| 科图分类: | ||
| 主题词: | 群众文化--文化事业 | |
| 电子资源: | ||
| ISBN: | ||
| 000 | 00442nam0 2200157 450 | |
| 001 | 0757995392 | |
| 005 | 20071007160635.39 | |
| 100 | @a20071007d km y0chiy0120 ea | |
| 101 | 0 | @achi |
| 200 | 1 | @a中国文化西传欧洲史@Azhong guo wen hua xi chuan ou zhou shi@f安田朴@Fan tian pu |
| 210 | @a北京@c商务印书馆 | |
| 606 | 0 | @a群众文化@x文化事业 |
| 690 | @aG24@v3 | |
| 701 | 0 | @a安田朴@Aan tian pu |
| 801 | 0 | @aCN@bPFT@c20071007 |
| 905 | @a213230@dG24@ea1@f1 | |
| 中国文化西传欧洲史/安田朴.-北京:商务印书馆 |
| ISBN : |
| ● |
| 相关链接 |
|
|
|
|
正题名:中国文化西传欧洲史
索取号:G24/a1
 
预约/预借
| 序号 | 登录号 | 条形码 | 馆藏地/架位号 | 状态 | 备注 |
| 1 | 7507085 | 275070851 | 密集书库-史法系/ [索取号:G24/a1] | 在馆 |